Sai Baba of Shirdi: A Unique Saint (Record no. 220874)
[ view plain ]
| 000 -LEADER | |
|---|---|
| fixed length control field | 01011nam a22002657a 4500 |
| 005 - DATE AND TIME OF LATEST TRANSACTION | |
| control field | 20211204122343.0 |
| 008 - FIXED-LENGTH DATA ELEMENTS--GENERAL INFORMATION | |
| fixed length control field | 211204b ||||| |||| 00| 0 eng d |
| 020 ## - INTERNATIONAL STANDARD BOOK NUMBER | |
| International Standard Book Number | 8172240309 |
| 040 ## - CATALOGING SOURCE | |
| Transcribing agency | AL |
| 041 ## - LANGUAGE CODE | |
| Language code of text/sound track or separate title | eng |
| 082 ## - DEWEY DECIMAL CLASSIFICATION NUMBER | |
| Edition number | 23 |
| Classification number | 294.56 |
| Item number | KAMS |
| 100 ## - MAIN ENTRY--PERSONAL NAME | |
| Personal name | M V Kamath |
| 100 ## - MAIN ENTRY--PERSONAL NAME | |
| 9 (RLIN) | 11208 |
| 110 ## - MAIN ENTRY--CORPORATE NAME | |
| Corporate name or jurisdiction name as entry element | V B Kher |
| 9 (RLIN) | 11207 |
| 245 ## - TITLE STATEMENT | |
| Title | Sai Baba of Shirdi: A Unique Saint |
| 260 ## - PUBLICATION, DISTRIBUTION, ETC. | |
| Place of publication, distribution, etc. | Mumbai |
| Name of publisher, distributor, etc. | Jaico Publishing House |
| Date of publication, distribution, etc. | 1997 |
| 300 ## - PHYSICAL DESCRIPTION | |
| Extent | x,328 p. |
| Other physical details | HB |
| Dimensions | 21x14 cm. |
| 365 ## - TRADE PRICE | |
| Price amount | 125.00 |
| Currency code | ₹ |
| Unit of pricing | 125.00 |
| 520 ## - SUMMARY, ETC. | |
| Summary, etc. | Sai Baba of Shirdi, also known as Shirdi Sai Baba, was an Indian spiritual master who is regarded by his devotees to be a manifestation of Sri Dattaguru and identified as a saint and a fakir. He was likely born around 1838 and was revered by both his Hindu and Muslim devotees during, as well as after, his lifetime. |
| 650 ## - SUBJECT ADDED ENTRY--TOPICAL TERM | |
| Topical term or geographic name entry element | Hinduism |
| 9 (RLIN) | 11201 |
| 650 ## - SUBJECT ADDED ENTRY--TOPICAL TERM | |
| Topical term or geographic name entry element | Religion |
| 9 (RLIN) | 11202 |
| 650 ## - SUBJECT ADDED ENTRY--TOPICAL TERM | |
| Topical term or geographic name entry element | Hindu Saints |
| 9 (RLIN) | 11203 |
| 700 ## - ADDED ENTRY--PERSONAL NAME | |
| Personal name | KAMATH (M V) |
| 9 (RLIN) | 11204 |
| 700 ## - ADDED ENTRY--PERSONAL NAME | |
| Personal name | KHER (V B) |
| 9 (RLIN) | 11205 |
| 942 ## - ADDED ENTRY ELEMENTS (KOHA) | |
| Source of classification or shelving scheme | Dewey Decimal Classification |
| Koha item type | George Fernandes Collections |
| Withdrawn status | Lost status | Source of classification or shelving scheme | Damaged status | Not for loan | Collection code | Home library | Current library | Date acquired | Total Checkouts | Full call number | Barcode | Date last seen | Price effective from | Koha item type |
|---|---|---|---|---|---|---|---|---|---|---|---|---|---|---|
| Dewey Decimal Classification | Others | St Aloysius Library | St Aloysius Library | 03/24/2013 | 294.56 KAMS | GF01132 | 12/04/2021 | 12/04/2021 | George Fernandes Collections |